000 00497nam a2200169 i 4500
001 28018
003 ES-MaACL
005 20230906153739.0
007 t|
008 030116s1884 sp ||||1| spa d
100 1 _aBandello, Matteo.
_925176
245 1 0 _aNovelas escogidas /
_cMatteo Bandello ; versión española por Feliu Codina.
260 _aBarcelona :
_bDaniel Cortezo y Cª,
_c1884.
300 _a312 p. ;
_c21 cm.
700 0 _aFeliu y Codina, José.
_949204
852 _aES-MaACL
_jB-969
999 _c28018
_d28018